[Event "It (open)"]
[Site "masterchessopen.com Zalakaros (Hungary)"]
[Date "2009.05.08"]
[Round "1"]
[White "Medvegy Zoltan (HUN)"]
[Black "Koban Balint (HUN)"]
[Result "1-0"]
[WhiteElo "2547"]
[BlackElo "2250"]

1.d4 Nf6 2.c4 g6 3.g3 Bg7 4.Bg2 d5 5.cxd5 Nxd5 6.e4 Nb6 7.Ne2 c5 8.d5 O-O
9.O-O Na6 10.Nbc3 e6 11.Nf4 exd5 12.Nfxd5 Nxd5 13.exd5 Bf5 14.Be3 Qd7 15.Qd2
Rfe8 16.Rfd1 Rac8 17.a3 b6 18.Bf1 c4 19.Bd4 Bf8 20.b4 b5 21.f3 h5 22.Qf2 Bg7
23.Bxg7 Kxg7 24.a4 Nxb4 25.axb5 Nd3 26.Qd4+ Kg8 27.Rxa7 Rc7 28.b6 Rxa7 29.bxa7
Ra8 30.Ra1 Qb7 31.d6 Kh7 32.Nd5 Bd7 33.Nc7 Qxf3 34.Bg2 {#r} 1-0

[Event "It (open)"]
[Site "masterchessopen.com Biel (Switzerland)"]
[Date "2009.07.25"]
[Round "6"]
[White "Hauchard Arnaud (FRA)"]
[Black "Alhuwar Jasem (UAE)"]
[Result "1-0"]
[WhiteElo "2528"]
[BlackElo "2297"]

1.d4 Nf6 2.c4 g6 3.g3 Bg7 4.Bg2 d5 5.cxd5 Nxd5 6.e4 Nb6 7.Ne2 O-O 8.O-O Nc6
9.d5 Na5 10.Nbc3 c6 11.Re1 e6 12.dxe6 Bxe6 13.Qc2 c5 14.Be3 Rc8 15.Rad1 Qe7
16.Nf4 Nc6 17.Nfd5 Nxd5 18.Nxd5 Bxd5 19.exd5 Nd4 20.Bxd4 cxd4 21.Rxe7 Rxc2
22.Rxb7 Rd8 23.Be4 Re2 24.Bd3 Re5 25.Rc1 Rexd5 26.Rcc7 Rf8 27.Rxa7 Be5 28.Rd7
Rxd7 29.Rxd7 Rc8 30.a4 Rc1+ 31.Kg2 Rd1 32.a5 {#r} 1-0

[Event "It (open)"]
[Site "masterchessopen.com Rewal (Poland)"]
[Date "2009.08.26"]
[Round "6"]
[White "Rawicz Karol (POL)"]
[Black "Aliavdin Nikolai (BLR)"]
[Result "0-1"]
[WhiteElo "2230"]
[BlackElo "2372"]

1.d4 Nf6 2.c4 g6 3.g3 Bg7 4.Bg2 d5 5.cxd5 Nxd5 6.e4 Nb6 7.Ne2 O-O 8.O-O Nc6
9.d5 Na5 10.Nbc3 c6 11.b3 cxd5 12.exd5 Bg4 13.f3 Bd7 14.Ba3 Nc8 15.Rc1 Nd6
16.Ne4 Nxe4 17.fxe4 Rc8 18.Qd2 b6 19.Nd4 Rxc1 20.Rxc1 Nb7 21.Kh1 Nd6 22.Nc6
Bxc6 23.dxc6 Qc7 24.Qd5 Rd8 25.Rd1 Nb7 26.cxb7 Rxd5 27.exd5 Qxb7 28.d6 Qd7
29.Bf3 exd6 30.Rxd6 Qe7 31.Kg2 h5 32.h4 Kh7 {#R} 0-1

[Event "Ch Serbia (team)"]
[Site "masterchessopen.com Kragujevac (Serbia)"]
[Date "2009.09.11"]
[Round "11"]
[White "Ilincic Zlatko (SRB)"]
[Black "Maric Dragan (SRB)"]
[Result "1-0"]
[WhiteElo "2479"]
[BlackElo "2267"]

1.d4 Nf6 2.c4 g6 3.g3 Bg7 4.Bg2 d5 5.cxd5 Nxd5 6.e4 Nb6 7.Ne2 O-O 8.Nbc3 e5
9.d5 c5 10.O-O Na6 11.f4 f5 12.fxe5 Bxe5 13.Bf4 Nc4 14.Qc1 fxe4 15.Nxe4 b5
16.Bxe5 Nxe5 17.Rxf8+ Qxf8 18.Qg5 Bf5 19.Rf1 h6 20.Qd2 Rd8 21.Qa5 Nb4 22.Nf4
Nc4 23.Qxa7 Ne3 24.Ne6 Nxf1 25.Nxf8 Rxf8 26.Nxc5 Ne3 27.Ne6 Bxe6 28.Qxe3 Bf7
29.Qb3 Nc6 30.Qxb5 Nd4 31.Qb6 Ne2+ 32.Kf2 Nc1 33.Ke3 Re8+ 34.Kd2 Re2+ 35.Kxc1
Rxg2 36.d6 {#r} 1-0

[Event "Match (active)"]
[Site "masterchessopen.com Valencia (Spain)"]
[Date "2009.09.23"]
[Round "3"]
[White "Karpov Anatoly (RUS)"]
[Black "Kasparov Garry (RUS)"]
[Result "1-0"]
[WhiteElo "2644"]
[BlackElo "2812"]

1.d4 Nf6 2.c4 g6 3.g3 Bg7 4.Bg2 d5 5.cxd5 Nxd5 6.e4 Nb6 7.Ne2 c5 8.d5 e6 9.O-O
O-O 10.Nec3 Na6 11.a4 exd5 12.exd5 Nb4 13.Be3 { +0.26 CAP N } ( 13.Na3 Bf5
14.Be3 Bd3 15.Bxc5 Bxf1 16.Qxf1 a5 17.Bxf8 Bxf8 18.Nab5 Nc8 19.d6 Nxd6 20.Rd1
Qb6 21.Nxd6 Bxd6 22.Qb5 Bc5 23.Qxb6 Bxb6 24.Rd7 Rc8 25.Rxb7 Bd4 26.Bf1 h6
27.Kg2 Rc5 28.Rd7 Be5 29.Ne4 Rc7 30.Rd8+ Kg7 31.b3 Re7 32.Ra8 Bc7 33.Nd2 Re5
34.Nc4 Rc5 35.Ra7 Kf6 36.Ne3 Ke7 37.Bb5 Kd8 38.Ra8+ Ke7 39.Nc4 Nd5 40.Nxa5 Rc2
41.Nc4 Rc3 42.Re8+ Kf6 43.Rc8 Be5 44.Rc6+ Kf5 45.Nxe5 { 1-0, Sebenik Matej
2480 - Miletic Dean 2185 , Nova Gorica 27. 1.2007 It (open) } ) 13...Bd4 14.a5
Bxe3 15.axb6 Bd4 16.bxa7 Bf5 17.Na3 Rxa7 18.Ncb5 { DA } 18...Rxa3 19.Rxa3 Bxb2
20.Re3 Qb6 21.Qe2 Bg7 22.Rd1 Bd7 23.Na3 Bd4 24.Re7 Ba4 25.Rc1 Qf6 26.Rxb7 Bb2
{ ?! } ( 26...Re8 { !? } 27.Qf1 Re5 { ? } ) 27.Rxc5 Bxa3 28.h4 { ?! } ( 28.Ra5
{ !? } 28...Re8 29.Qc4 Re1+ 30.Bf1 Rc1 31.Qf4 Qxf4 32.gxf4 Bc2 33.Rxa3 Nxd5
34.Ra8+ Kg7 35.Raa7 { ± } ) 28...Nd3 { ?! } ( 28...Qa1+ { !? } 29.Qf1 Qxf1+
30.Bxf1 Nxd5 31.Rxd5 Bc6 { 2 } ) 29.Ra5 Nc5 30.Rba7 Qd4 31.Qe3 Qxe3 32.fxe3
Bc1 33.Kf2 Nd3+ 34.Ke2 Bc2 35.d6 { DA } 35...Re8 { ? } ( 35...Nb2 36.d7 Bd1+
37.Kf1 Bg4 38.Rc7 Bxe3 39.Ra8 Rxa8 40.Bxa8 Bxd7 41.Rxd7 Nc4 { ± } ) 36.Ra8
{#r} 1-0

[Event "It (open) \"]
[Site "masterchessopen.com Tatranske Zruby (Slovakia)"]
[Date "2009.09.30"]
[Round "5"]
[White "Mozny Milos (CZE)"]
[Black "Pinter Erik (SVK)"]
[Result "1-0"]
[WhiteElo "2370"]
[BlackElo "2416"]

1.d4 Nf6 2.c4 g6 3.g3 Bg7 4.Bg2 d5 5.cxd5 Nxd5 6.e4 Nb6 7.Ne2 c5 8.d5 e6
9.Nbc3 exd5 10.exd5 O-O 11.O-O Na6 12.a4 Re8 13.d6 Nb4 14.a5 Nc4 15.a6 Rb8
16.Bf4 Nxb2 17.d7 Bxd7 18.Qb3 Rxe2 19.Nxe2 Be6 20.Qe3 Nxa6 21.Bxb8 Qxb8 22.Qf3
Bc4 23.Rfb1 Qe5 24.Nf4 Nb4 25.Rxa7 h5 26.Rxb7 Qc3 27.Qxc3 Bxc3 28.Bf1 Ba2
29.Rc1 Bd4 30.Re1 Nc6 31.Nxg6 c4 32.Bg2 Bxf2+ 33.Kxf2 Nd3+ 34.Kf1 {#r} 1-0

[Event "Memorial Siamidi (open)"]
[Site "masterchessopen.com Ufa (Russia)"]
[Date "2009.10.04"]
[Round "2"]
[White "Gazizov Iljas (RUS)"]
[Black "Tupeev Salavat (RUS)"]
[Result "1-0"]
[WhiteElo "2190"]
[BlackElo "1569"]

1.d4 Nf6 2.c4 g6 3.g3 Bg7 4.Bg2 d5 5.cxd5 Nxd5 6.e4 Nb6 7.Ne2 Nc6 8.d5 Ne5
9.O-O O-O 10.Nbc3 e6 11.b3 exd5 12.exd5 Bf5 13.Be3 Ng4 14.Bd4 Bxd4 15.Nxd4 Bd7
16.Qd2 Nf6 17.Rfe1 Qc8 18.Rac1 Bh3 19.Bh1 Qd7 20.Nde2 Qd8 21.Nf4 Bf5 22.Qd4
Ne8 23.a4 c6 24.Qb4 cxd5 25.Ncxd5 Nxd5 26.Nxd5 Qd6 27.Qxb7 Be6 28.Nf4 Rb8
29.Qxa7 Bxb3 30.a5 Nf6 31.Qe7 Qd2 32.a6 Rfc8 33.a7 {#r} 1-0

[Event "It (cat.8)"]
[Site "masterchessopen.com Budapest (Hungary)"]
[Date "2009.10.05"]
[Round "3"]
[White "Ilincic Zlatko (SRB)"]
[Black "Shankland Samuel L (USA)"]
[Result "1-0"]
[WhiteElo "2479"]
[BlackElo "2448"]

1.d4 Nf6 2.c4 g6 3.g3 Bg7 4.Bg2 d5 5.cxd5 Nxd5 6.e4 Nb6 7.Ne2 c5 8.d5 e6 9.O-O
O-O 10.Nec3 Na6 11.Na3 exd5 12.exd5 Bf5 13.Be3 Qd7 14.Qd2 Bh3 15.Bxh3 Qxh3
16.d6 Rfd8 17.Ncb5 Qd7 18.Rac1 Nc8 19.Rfd1 Bf8 20.Nc7 Rb8 21.Bg5 Nxd6 22.Nxa6
bxa6 23.Bxd8 Rxd8 24.Rxc5 Qe6 25.Nc4 {#r} 1-0

[Event "It \"]
[Site "masterchessopen.com Nanjing (China)"]
[Date "2009.10.06"]
[Round "8"]
[White "Leko Peter (HUN)"]
[Black "Topalov Veselin (BUL)"]
[Result "0-1"]
[WhiteElo "2756"]
[BlackElo "2813"]

1.d4 Nf6 2.c4 g6 3.g3 Bg7 4.Bg2 d5 5.cxd5 Nxd5 6.e4 Nb6 7.Ne2 c5 8.d5 e6 9.O-O
O-O 10.Nbc3 Na6 11.Nf4 e5 12.Nd3 c4 ( 12...Nc4 13.Qe2 Qa5 14.a3 Bd7 15.Bg5
Rfc8 16.Be7 Qb6 17.d6 Be6 18.Nd5 Bxd5 19.d7 Be6 20.dxc8=Q+ Rxc8 21.b4 cxb4
22.axb4 Bf8 23.Bxf8 Rxf8 24.Rfc1 Rd8 25.Bf1 Rd4 26.Rd1 Nxb4 27.Nxb4 Rxd1
28.Qxd1 Qxb4 29.Qa4 Qxa4 30.Rxa4 Nd6 31.Rxa7 Nxe4 32.Rxb7 Kg7 33.Rb5 Kf6 34.f3
Nd6 35.Rb6 Ke7 36.Kf2 h5 37.Bd3 Nf5 38.Ra6 Nd6 39.Ke3 Nc4+ 40.Kf2 Nd6 41.Bb1
Nf5 42.Ba2 Bxa2 43.Rxa2 g5 44.Ra4 h4 45.g4 Nd6 46.Ke3 Ke6 47.Ra6 Kd5 48.Kd3 f6
49.Ra5+ Ke6 50.h3 Nb7 51.Ra6+ Nd6 52.Kc3 Kd5 53.Ra5+ Ke6 54.Kb4 e4 55.fxe4
Nxe4 56.Rf5 Nd6 57.Rf1 f5 58.Kc3 fxg4 59.hxg4 Ne4+ 60.Kd4 Nf6 61.Re1+ Kf7
62.Rg1 h3 63.Rh1 Nxg4 64.Rxh3 Kg6 { 1/2-1/2, Leko Peter 2762 - Carlsen Magnus
2772 , Nanjing 4.10.2009 It "Pearl Spring" (cat.21) } ) 13.Ne1 Bd7 14.Qe2 Nc5
15.Be3 Rc8 16.Nf3 Qe8 { N } ( 16...Qe7 17.Nd2 f5 18.Nf3 { 1/2-1/2, Nielsen
Peter Heine 2663 - Sutovsky Emil 2697 , Malme 2003 It (cat.13) } ) ( 16...Nba4
17.Nxa4 Nxa4 18.Rfc1 b5 19.Bxa7 f5 20.Be3 f4 21.gxf4 Bg4 22.Qd2 Bxf3 23.Bxf3
Nc5 24.Bxc5 Rxc5 25.f5 Qh4 26.Qe2 Bh6 27.Rc3 Bf4 28.Bg2 Qxh2+ 29.Kf1 Qh4
30.Rd1 Rc7 31.a4 gxf5 32.Rh3 Qf6 33.axb5 Rg7 34.Qh5 fxe4 35.Bxe4 h6 36.d6 Rg5
37.Qf3 Qg7 38.Ke2 Rd8 39.b6 Qf6 40.b7 Rg7 41.Rh5 Kh8 42.Qh3 Rgg8 43.Qf5 { 1-0,
Kempinski Robert 2590 - Bobras Piotr 2527 , Polanica Zdroj 27. 8.2006 Memorial
A.Rubinstein (cat.13) } ) 17.Nd2 f5 18.exf5 gxf5 19.Nxc4 Nxc4 20.Qxc4 Ne4 (
20...b5 { !? } ) 21.Qb4 Nxc3 22.bxc3 f4 23.Bc5 { ? } ( 23.Bxa7 f3 24.Bh1 b5
25.Qb3 e4 26.Bd4 Bxd4 27.cxd4 Rc4 28.Rac1 Rxd4 29.Rfd1 Rxd1+ 30.Rxd1 { ? } )
23...f3 { ! DB } 24.Bxf8 Bxf8 25.Qxb7 fxg2 26.Kxg2 Qf7 27.Rab1 e4 28.f4 (
28.Kg1 { !? } ) 28...Rxc3 29.Rb3 ( 29.Kh1 { !? } ) 29...Rd3 30.f5 Rd2+ 31.Rf2
Rxf2+ 32.Kxf2 Qxf5+ 33.Ke1 Bc5 34.Qb8+ Kf7 35.Qf4 Qxf4 36.gxf4 Ke7 37.Rg3 Kd6
38.Rg7 h5 39.Rg5 e3 40.Ke2 Bb5+ {#R} 0-1

[Event "Extra League 2009/10"]
[Site "masterchessopen.com Czech Republic"]
[Date "2009.11.07"]
[Round "1"]
[White "Michalik Peter (SVK)"]
[Black "Pinter Erik (SVK)"]
[Result "1-0"]
[WhiteElo "2428"]
[BlackElo "2416"]

1.d4 Nf6 2.c4 g6 3.g3 Bg7 4.Bg2 d5 5.cxd5 Nxd5 6.e4 Nb6 7.Ne2 c5 8.d5 e6 9.O-O
O-O 10.a4 Na6 11.Nec3 exd5 12.exd5 Nc4 13.Na3 Nxa3 14.Rxa3 Nb4 15.d6 Rb8 16.a5
Bd7 17.Be3 b6 18.h4 Bf5 19.axb6 axb6 20.Ra7 Be5 21.Bh6 Re8 22.d7 Re7 23.Re1
Bd4 24.Rxe7 Qxe7 25.Nb5 Bg7 26.Bg5 f6 27.Bf4 Rd8 28.Qb3+ Qe6 29.Ra8 Qxb3
30.Rxd8+ Kf7 31.Rf8+ Bxf8 32.d8=Q Qe6 33.Nd6+ Kg8 34.Nxf5 gxf5 35.Kh2 Kg7
36.Bh6+ Kxh6 37.Qxf8+ Kg6 38.h5+ {#r} 1-0

[Event "It (open)"]
[Site "masterchessopen.com Piestany (Slovakia)"]
[Date "2009.11.18"]
[Round "2"]
[White "Banduka Zeljko (SVK)"]
[Black "Vrba Michal (SVK)"]
[Result "1-0"]
[WhiteElo "2207"]
[BlackElo "1985"]

1.d4 Nf6 2.g3 g6 3.Bg2 d5 4.c4 Bg7 5.cxd5 Nxd5 6.e4 Nb6 7.Ne2 O-O 8.Nbc3 Nc6
9.d5 Na5 10.O-O c6 11.Nf4 cxd5 12.exd5 Nac4 13.Re1 Bf5 14.g4 Bd7 15.h3 Rc8
16.Nfe2 Re8 17.a4 a5 18.Nd4 Rc5 19.b3 Nd6 20.Bb2 Nbc8 21.Qd2 Na7 22.Ba3 Rc8
23.Bxd6 exd6 24.Ne4 Qb6 25.Rad1 Qxd4 26.Qxd4 Bxd4 27.Rxd4 Kg7 28.Red1 Rc2
29.Nxd6 Ree2 30.Rf4 f6 31.Nxb7 g5 32.Rf3 Nc8 33.Bf1 Red2 34.Rxd2 Rxd2 35.Rd3
Rb2 36.Rc3 Rd2 37.Rc7 Rxd5 38.Bb5 Rd1+ 39.Kg2 Nb6 40.Nc5 Rc1 41.Bxd7 {#r} 1-0

[Event "It (open) \"]
[Site "masterchessopen.com Krakow (Poland)"]
[Date "2009.12.27"]
[Round "1"]
[White "Sliwerski Radoslaw (POL)"]
[Black "Shishkin Vadim (UKR)"]
[Result "0-1"]
[WhiteElo "2105"]
[BlackElo "2507"]

1.d4 Nf6 2.c4 g6 3.g3 Bg7 4.Bg2 d5 5.cxd5 Nxd5 6.e4 Nb6 7.Ne2 c5 8.d5 e6 9.O-O
O-O 10.Nec3 Na6 11.a4 exd5 12.exd5 Bf5 13.Na3 Qd7 14.a5 Nc8 15.Nc4 Re8 16.Be3
Nd6 17.Nxd6 Qxd6 18.Qa4 Rad8 19.Bg5 Rc8 20.Rfe1 Bd7 21.Ne4 Qxd5 22.Qd1 Qxd1
23.Rexd1 Bg4 24.f3 Rxe4 25.fxg4 Rb4 26.Rd7 Bd4+ 27.Kh1 Rc7 28.Rd8+ Kg7 29.Re1
Bf6 30.Bxf6+ Kxf6 31.Bxb7 Rbxb7 32.Rd6+ Kg7 33.Rxa6 Rxb2 34.Rd6 c4 {#R} 0-1

[Event "It (open)"]
[Site "masterchessopen.com Marianske Lazne (Czech Republic)"]
[Date "2010.01.21"]
[Round "7"]
[White "Safyanovsky Mark (GER)"]
[Black "Kopasov Evgeny (RUS)"]
[Result "1-0"]
[WhiteElo "2301"]
[BlackElo "2086"]

1.d4 Nf6 2.c4 g6 3.g3 Bg7 4.Bg2 d5 5.cxd5 Nxd5 6.e4 Nb6 7.Ne2 O-O 8.Nbc3 Nc6
9.d5 Na5 10.O-O c6 11.b3 Bd7 12.Bg5 cxd5 13.exd5 Nc8 14.Qd2 Re8 15.Rac1 Nd6
16.Ne4 Nxe4 17.Bxe4 Bb5 18.Rfd1 Bxe2 19.Qxe2 Qd6 20.Bg2 Rad8 21.Bf4 Qa3 22.Bc7
Rc8 23.Bh3 Bf8 24.Bxc8 Rxc8 25.Bf4 Rd8 26.Qc2 e6 27.dxe6 Rxd1+ 28.Rxd1 fxe6
29.Qc8 Qe7 30.Bd6 {#r} 1-0

[Event "It (cat.7)"]
[Site "masterchessopen.com Kecskemet (Hungary)"]
[Date "2010.02.27"]
[Round "8"]
[White "Ilincic Zlatko (SRB)"]
[Black "Kislik Erik Andrew (USA)"]
[Result "1-0"]
[WhiteElo "2447"]
[BlackElo "2357"]

1.d4 Nf6 2.c4 g6 3.g3 Bg7 4.Bg2 d5 5.cxd5 Nxd5 6.e4 Nb6 7.Ne2 c5 8.d5 e6 9.O-O
O-O 10.Nec3 Na6 11.Na3 Re8 12.d6 e5 13.Be3 Bd7 14.Rc1 Bf8 15.Ncb5 Nc8 16.Bxc5
Nxc5 17.Rxc5 Bxb5 18.Nxb5 Nxd6 19.Rd5 Re6 20.Bh3 Rf6 21.Rxe5 Qb6 22.Qe2 Rd8
23.Nc3 Qa6 24.Rd5 Qxe2 25.Nxe2 Re8 26.e5 Nc4 27.exf6 Rxe2 28.Rd8 Rd2 29.Rxd2
Nxd2 30.Rd1 Ne4 31.Bg2 Nxf6 32.Bxb7 Bc5 33.h3 Kf8 34.Bc6 Ke7 35.a3 Ke6 36.Kg2
h5 37.b4 Be7 38.f4 Bd6 39.Kf3 Be7 40.g4 hxg4+ 41.hxg4 g5 42.Bd7+ Nxd7 43.f5+
{#r} 1-0

[Event "Ch Europe (w)"]
[Site "masterchessopen.com Rijeka (Croatia)"]
[Date "2010.03.08"]
[Round "3"]
[White "Radziewicz Iweta (POL)"]
[Black "Nebolsina Vera (RUS)"]
[Result "1-0"]
[WhiteElo "2446"]
[BlackElo "2360"]

1.d4 Nf6 2.c4 g6 3.g3 Bg7 4.Bg2 d5 5.cxd5 Nxd5 6.e4 Nb6 7.Ne2 O-O 8.O-O c6
9.Nbc3 Be6 10.b3 Qd7 11.Be3 Bh3 12.Bxh3 Qxh3 13.a4 Qc8 14.a5 N6d7 15.b4 Na6
16.Qa4 b5 17.Qb3 Rd8 18.e5 Nf8 19.Rac1 Qe6 20.Qb2 f6 21.Nf4 Qf7 22.Ne4 Rac8
23.Nd3 Qd5 24.Nec5 Nxc5 25.Rxc5 Qe4 26.Qb3+ Kh8 27.Rfc1 Nd7 28.R5c3 fxe5 29.d5
Nf6 30.Rxc6 Ra8 31.Nc5 Qxd5 32.Qxd5 Nxd5 33.Ne6 Rg8 34.Bc5 Bf6 35.Kg2 Rgc8
36.Rxc8+ Rxc8 37.Rd1 Nc3 38.Rd7 Kg8 39.Rxa7 Kf7 40.Nc7 e4 41.Rb7 Rd8 42.a6 Be5
43.Nxb5 Nd5 44.a7 {#r} 1-0

[Event "It (cat.10)"]
[Site "masterchessopen.com Budapest (Hungary)"]
[Date "2010.04.05"]
[Round "3"]
[White "Radziewicz Iweta (POL)"]
[Black "Baramidze David (GER)"]
[Result "0-1"]
[WhiteElo "2446"]
[BlackElo "2542"]

1.d4 Nf6 2.c4 g6 3.g3 Bg7 4.Bg2 d5 5.cxd5 Nxd5 6.e4 Nb6 7.Ne2 O-O 8.O-O Nc6
9.d5 Na5 10.Nbc3 c6 11.b3 cxd5 12.exd5 Bg4 13.f3 Bd7 14.Ba3 Re8 15.Rc1 e6
16.d6 Nc6 17.f4 Nd5 18.Bc5 Nxc3 19.Nxc3 Qa5 20.Ne2 Rac8 21.a3 b6 22.Bxc6 Rxc6
23.Bb4 Rxc1 24.Qxc1 Qd5 25.Qd2 a5 26.Bc3 Qxd2 27.Bxd2 Bb5 28.Rc1 Bxe2 29.d7
Rd8 30.Rc8 Bf6 31.Bc3 Be7 32.a4 f6 33.Bd4 Kf7 34.Bxb6 Rxd7 35.Bxa5 Rb7 36.Rc3
Bd1 37.Bc7 Rxb3 38.Rc1 Bf3 39.Kf2 Ba3 40.Rc4 Bd5 {#R} 0-1

[Event "It (open)"]
[Site "masterchessopen.com Thessaloniki (Greece)"]
[Date "2010.04.06"]
[Round "2"]
[White "Grigorov Grigor (BUL)"]
[Black "Anagnostopoulos Konstantinos (GRE)"]
[Result "1-0"]
[WhiteElo "2493"]
[BlackElo "1889"]

1.d4 Nf6 2.c4 g6 3.g3 Bg7 4.Bg2 d5 5.cxd5 Nxd5 6.e4 Nb6 7.Ne2 O-O 8.O-O e5
9.d5 Na6 10.Nbc3 c6 11.b3 cxd5 12.exd5 f5 13.Ba3 Re8 14.Rc1 Bd7 15.d6 Bc6
16.Nd5 Kh8 17.Nxb6 axb6 18.Rxc6 bxc6 19.Bxc6 Ra7 20.Bxe8 Qxe8 21.Qd2 Nc5
22.Bxc5 bxc5 23.Rd1 Qd7 24.Qd5 Rxa2 25.Nc3 Ra7 26.Na4 Ra5 27.Nxc5 {#r} 1-0

[Event "Ch Israel (team)"]
[Site "masterchessopen.com Israel"]
[Date "2010.04.23"]
[Round "7"]
[White "Jirka Jiri (CZE)"]
[Black "Liss Eran (ISR)"]
[Result "1-0"]
[WhiteElo "2406"]
[BlackElo "2471"]

1.d4 Nf6 2.c4 g6 3.g3 Bg7 4.Bg2 d5 5.cxd5 Nxd5 6.e4 Nb6 7.Ne2 e5 8.d5 O-O
9.O-O c6 10.Nbc3 cxd5 11.exd5 Bf5 12.h3 h5 13.b3 Qd7 14.Kh2 Nc8 15.Ba3 Nd6
16.f3 Qd8 17.g4 Bc8 18.Ng3 h4 19.Nge4 Nxe4 20.fxe4 Re8 21.Nb5 Qa5 22.Nd6 Rf8
23.Nc4 Qd8 24.Bxf8 Qxf8 25.g5 Na6 26.Rf3 b5 27.Na5 Qd8 28.Qd2 Bd7 29.Raf1 Be8
30.d6 Nc5 31.Qd5 Rc8 32.Rxf7 Bxf7 33.Rxf7 Kh8 34.d7 {#r} 1-0

[Event "Ch Paris (open)"]
[Site "masterchessopen.com Paris (France)"]
[Date "2010.07.05"]
[Round "3"]
[White "Kunte Abhijit (IND)"]
[Black "Loiseau Quentin (FRA)"]
[Result "1-0"]
[WhiteElo "2517"]
[BlackElo "2262"]

1.d4 Nf6 2.c4 g6 3.g3 Bg7 4.Bg2 d5 5.cxd5 Nxd5 6.e4 Nb6 7.Ne2 e5 8.d5 c6
9.Nbc3 O-O 10.O-O cxd5 11.exd5 Nc4 12.b3 Nd6 13.Ba3 Re8 14.Rc1 Na6 15.h3 Nc7
16.Bxd6 Qxd6 17.Ne4 Qd8 18.d6 Ne6 19.Rxc8 Qd7 {#r} 1-0

[Event "Ch Czech Republic (team) (open)"]
[Site "masterchessopen.com Pardubice (Czech Republic)"]
[Date "2010.07.17"]
[Round "4"]
[White "Voloshin Leonid (CZE)"]
[Black "Cizinsky Petr (CZE)"]
[Result "1-0"]
[WhiteElo "2456"]
[BlackElo "2148"]

1.d4 Nf6 2.c4 g6 3.g3 Bg7 4.Bg2 d5 5.cxd5 Nxd5 6.e4 Nb6 7.Ne2 O-O 8.O-O c5
9.dxc5 Qxd1 10.Rxd1 Na4 11.Nbc3 Nxc3 12.Nxc3 Na6 13.Be3 Bg4 14.f3 Be6 15.Nd5
Bxd5 16.exd5 Bxb2 17.Rab1 Ba3 18.Rxb7 Nxc5 19.Rxe7 Rfe8 20.d6 Ne6 21.Rxe8+
Rxe8 22.d7 Rd8 23.Bxa7 Nf8 24.Bh3 f5 25.g4 Nxd7 26.Kf1 Be7 27.gxf5 g5 28.a4 h5
29.a5 Ne5 30.Rxd8+ Bxd8 31.a6 Bc7 32.Bf2 Nc6 33.f4 {#r} 1-0

[Event "It (open)"]
[Site "masterchessopen.com Pardubice (Czech Republic)"]
[Date "2010.07.23"]
[Round "1"]
[White "Kunte Abhijit (IND)"]
[Black "Lavendelis Egons (LAT)"]
[Result "1-0"]
[WhiteElo "2517"]
[BlackElo "2321"]

1.d4 Nf6 2.c4 g6 3.g3 Bg7 4.Bg2 d5 5.cxd5 Nxd5 6.e4 Nb6 7.Ne2 Nc6 8.d5 Na5
9.Nbc3 c6 10.O-O cxd5 11.exd5 O-O 12.b3 e6 13.Ba3 Re8 14.d6 Bd7 15.Rc1 Rc8
16.Bb4 Nc6 17.Bc5 Ne5 18.Ne4 Nd5 19.Qd2 Bb5 20.a4 Ba6 21.Ba3 Qb6 22.Rxc8 Rxc8
23.Rc1 Rxc1+ 24.Nxc1 Bf8 25.Qc2 Qc6 26.Nf6+ Kg7 27.Qxc6 bxc6 28.f4 Nxf6
29.fxe5 Nd7 30.Bb2 c5 31.Bc6 Nb8 32.Be8 Bc8 33.Nd3 Bd7 34.Bxd7 Nxd7 35.Ba3 f6
36.Nxc5 Nxc5 37.Bxc5 a6 38.b4 Kf7 39.d7 Be7 40.Bxe7 Kxe7 41.exf6+ Kxd7 42.b5
axb5 43.axb5 {#r} 1-0

[Event "It (open)"]
[Site "masterchessopen.com La Massana (Andorra)"]
[Date "2010.07.25"]
[Round "9"]
[White "Delorme Axel (FRA)"]
[Black "Givon Asaf (ISR)"]
[Result "1-0"]
[WhiteElo "2475"]
[BlackElo "2220"]

1.d4 Nf6 2.c4 g6 3.g3 Bg7 4.Bg2 d5 5.cxd5 Nxd5 6.e4 Nb6 7.Ne2 O-O 8.O-O e5
9.d5 c6 10.Nbc3 cxd5 11.exd5 Na6 12.b3 f5 13.Ba3 Rf7 14.Re1 Bd7 15.Qd2 Rc8
16.d6 e4 17.f3 Qf6 18.Rac1 Bc6 19.fxe4 fxe4 20.Nxe4 Qe5 21.Nf4 Qd4+ 22.Qxd4
Bxd4+ 23.Kh1 Nb8 24.Ne6 Bh8 25.Rcd1 N8d7 26.Nd4 Bd5 27.Re2 Rcf8 28.Kg1 h6
29.Nc3 Bxg2 30.Kxg2 Rc8 31.Ncb5 a6 32.Nc7 Be5 33.Nde6 Rf6 34.Rde1 Bc3 35.Rd1
Ba5 36.Rf2 Kf7 37.Rxf6+ Nxf6 38.Bc1 g5 39.Be3 Nbd5 40.Nxg5+ hxg5 41.Nxd5 Nxd5
42.Rxd5 Ke6 43.d7 {#r} 1-0

[Event "It (open)"]
[Site "masterchessopen.com Baku (Azerbaijan)"]
[Date "2010.08.27"]
[Round "5"]
[White "Kazimova Narmin (AZE)"]
[Black "Esen Baris (TUR)"]
[Result "0-1"]
[WhiteElo "2260"]
[BlackElo "2538"]

1.d4 Nf6 2.c4 g6 3.g3 Bg7 4.Bg2 d5 5.cxd5 Nxd5 6.e4 Nb6 7.Ne2 O-O 8.O-O Na6
9.a4 c5 10.d5 e6 11.Nec3 exd5 12.exd5 Bf5 13.Na3 Nb4 14.Be3 Rc8 15.Qd2 a5
16.Rfd1 Re8 17.d6 Qd7 18.b3 Be6 19.Ne4 Bxb3 20.Nxc5 Rxc5 21.Bxc5 Bxd1 22.Rxd1
Nxa4 23.Bxb4 axb4 24.Qxb4 Nc3 25.Rf1 b5 26.Nb1 Ne2+ 27.Kh1 Re6 28.Bh3 f5
29.Rd1 Nd4 30.Bg2 Qxd6 31.Qa5 Re8 32.Nc3 Qc5 33.Nd5 Kh8 34.h4 Nb3 35.Qa2 Nc1
36.Qd2 Ne2 37.Ne3 Nc3 38.Qd7 Qf8 39.Nd5 b4 40.Qb7 Rb8 41.Qc7 {#R} 0-1

[Event "Ch Russia (Higher League) (w)"]
[Site "masterchessopen.com St. Petersburg (Russia)"]
[Date "2010.08.29"]
[Round "4"]
[White "Matveeva Svetlana (RUS)"]
[Black "Nebolsina Vera (RUS)"]
[Result "1-0"]
[WhiteElo "2379"]
[BlackElo "2360"]

1.d4 Nf6 2.c4 g6 3.g3 Bg7 4.Bg2 d5 5.cxd5 Nxd5 6.e4 Nb6 7.Ne2 c5 8.d5 O-O
9.O-O e6 10.Nbc3 Na6 11.Nf4 e5 12.Nd3 c4 13.Ne1 Bd7 14.f4 Qc8 15.fxe5 Bxe5
16.Bf4 Bg7 17.Qd2 Bh3 18.Bh6 Bxg2 19.Nxg2 Qc5+ 20.Kh1 Rae8 21.Bxg7 Kxg7 22.Ne3
f5 23.Rae1 Nb4 24.exf5 Nd3 25.f6+ Kh8 26.Re2 Nd7 27.Ng4 Rxe2 28.Qxe2 Qd4
29.Qe7 {#r} 1-0

[Event "Ch Russia (Higher League) (w)"]
[Site "masterchessopen.com St. Petersburg (Russia)"]
[Date "2010.09.01"]
[Round "7"]
[White "Fominykh Maria (RUS)"]
[Black "Nebolsina Vera (RUS)"]
[Result "0-1"]
[WhiteElo "2305"]
[BlackElo "2360"]

1.d4 Nf6 2.c4 g6 3.g3 Bg7 4.Bg2 d5 5.cxd5 Nxd5 6.e4 Nb6 7.Ne2 c5 8.d5 O-O
9.O-O e6 10.Nbc3 Na6 11.Nf4 e5 12.Nd3 c4 13.Ne1 Bd7 14.f4 Nc5 15.Be3 Rc8
16.Qd2 f5 17.fxe5 Bxe5 18.Bh6 Rf7 19.Nf3 Bxc3 20.Qxc3 Nxe4 21.Qd4 Qf6 22.Rad1
c3 23.Ne5 c2 24.Rde1 Rc4 25.Qxc4 Nxc4 26.Nxd7 Qd4+ 27.Kh1 c1=Q 28.Rxc1 Rxd7
29.b3 Ncd6 30.Bf3 g5 31.Rce1 Nf7 32.Rxe4 fxe4 33.Bg4 Qxd5 {#R} 0-1

[Event "It (open) \"]
[Site "masterchessopen.com Bol (Croatia)"]
[Date "2010.09.17"]
[Round "6"]
[White "Jirka Jiri (CZE)"]
[Black "Martinovic Sasa (CRO)"]
[Result "1-0"]
[WhiteElo "2406"]
[BlackElo "2507"]

1.d4 Nf6 2.c4 g6 3.g3 Bg7 4.Bg2 d5 5.cxd5 Nxd5 6.e4 Nb6 7.Ne2 c5 8.d5 e6 9.O-O
O-O 10.Nec3 Na6 11.Na3 exd5 12.exd5 Bf5 13.Be3 Qd7 14.Qb3 Bh3 15.Rad1 Rfe8
16.Nc4 Nxc4 17.Qxc4 Rad8 18.Rd2 Re5 19.Rfd1 Bxg2 20.Kxg2 Rh5 21.h4 Nc7 22.Bg5
Rc8 23.Ne4 Ne8 24.Nxc5 Qd6 25.Re2 Bf8 26.Rxe8 Rxe8 27.Ne4 Rxe4 28.Qxe4 h6
29.g4 Rxg5 30.hxg5 hxg5 31.Qe3 Qf6 32.Qd4 {#r} 1-0

[Event "It (open)"]
[Site "masterchessopen.com La Laguna (Spain)"]
[Date "2010.09.23"]
[Round "4"]
[White "Villavicencio Adalberto (ESP)"]
[Black "Rodriguez Lapetra Pablo (ESP)"]
[Result "1-0"]
[WhiteElo "2317"]
[BlackElo "2111"]

1.d4 Nf6 2.c4 g6 3.g3 Bg7 4.Bg2 d5 5.cxd5 Nxd5 6.e4 Nb6 7.Ne2 c5 8.d5 O-O
9.O-O f5 10.exf5 Bxf5 11.Nbc3 Nc4 12.Nf4 Nd6 13.h4 Qe8 14.Qe2 Kh8 15.Re1 Rf7
16.g4 Bd7 17.Ne6 Bxe6 18.dxe6 Rf8 19.Nd5 Na6 20.Bg5 Bd4 21.Be3 Bg7 22.Rad1 Rd8
23.Bg5 Nc8 24.a3 h6 25.Be3 Nd6 26.b4 Rc8 27.bxc5 Nxc5 28.Bd4 Bxd4 29.Rxd4 b6
30.Qe5+ Kg8 31.Re3 b5 32.Nxe7+ Qxe7 33.Rxd6 Qxh4 34.e7 Qxf2+ 35.Kh1 Rfe8
36.Rf6 Nd7 37.Rxf2 {#r} 1-0